ბათუმის შოთა რუსთაველის სახელმწიფო უნივერსიტეტის ბიბლიოთეკა

Энциклопедический словарь (ბიბ.ჩანაწერი № 44232)

000 -LEADER
fixed length control field 00773nam a2200217Ia 4500
001 - CONTROL NUMBER
control field 10990
003 - CONTROL NUMBER IDENTIFIER
control field GE_BSU
008 - FIXED-LENGTH DATA ELEMENTS--GENERAL INFORMATION
fixed length control field 181216s||||||||xx |||||||||||||| ||und||
040 ## - CATALOGING SOURCE
Transcribing agency GE_BSU
080 ## - UNIVERSAL DECIMAL CLASSIFICATION NUMBER
Universal Decimal Classification number 031(=161.1)
245 ## - TITLE STATEMENT
Title Энциклопедический словарь
245 ## - TITLE STATEMENT
Remainder of title Т.XXХIV:Трумпь-Углеродистый Кальций.
245 ## - TITLE STATEMENT
Statement of responsibility, etc. Подь Ред: К.К. Арсеньева,О.О. Петрушевскаго.
260 ## - PUBLICATION, DISTRIBUTION, ETC.
Place of publication, distribution, etc. С.-Петербургь
260 ## - PUBLICATION, DISTRIBUTION, ETC.
Name of publisher, distributor, etc. Типография акц.обш.изд.дело.
260 ## - PUBLICATION, DISTRIBUTION, ETC.
Date of publication, distribution, etc. 1902.
300 ## - PHYSICAL DESCRIPTION
Extent 482стр,карта,илл,24см.
520 ## - SUMMARY, ETC.
Summary, etc. Изд: Ф.А.Брокгаузь,И.А.Ефронь.
653 ## - INDEX TERM--UNCONTROLLED
Uncontrolled term Энциклопедический словарь
942 ## - ADDED ENTRY ELEMENTS (KOHA)
Koha item type წიგნი
ეგზემპლარები
Withdrawn status Lost status Damaged status Not for loan Date acquired Barcode Date last seen Price effective from Koha item type
        2018-12-17 18898 2018-12-17 2018-12-17 წიგნი